<?xml version="1.0" encoding="UTF-8"?>
<collection xmlns="http://www.loc.gov/MARC21/slim">
    <record>
        <controlfield tag="001">95739</controlfield>
        <controlfield tag="005">20201019122335.0</controlfield>
        <datafield tag="024" ind1="7" ind2=" ">
            <subfield code="2">doi</subfield>
            <subfield code="a">10.6018/nav.444221</subfield>
        </datafield>
        <datafield tag="024" ind1="8" ind2=" ">
            <subfield code="2">sideral</subfield>
            <subfield code="a">120284</subfield>
        </datafield>
        <datafield tag="037" ind1=" " ind2=" ">
            <subfield code="a">ART-2020-120284</subfield>
        </datafield>
        <datafield tag="041" ind1=" " ind2=" ">
            <subfield code="a">spa</subfield>
        </datafield>
        <datafield tag="100" ind1=" " ind2=" ">
            <subfield code="0">(orcid)0000-0001-9343-7591</subfield>
            <subfield code="a">Vélez Jiménez, María Palmira</subfield>
            <subfield code="u">Universidad de Zaragoza</subfield>
        </datafield>
        <datafield tag="245" ind1=" " ind2=" ">
            <subfield code="a">"Manuel González Prada: Ensayos y poesías", de Isabelle Tauzin-Castellanos</subfield>
        </datafield>
        <datafield tag="260" ind1=" " ind2=" ">
            <subfield code="c">2020</subfield>
        </datafield>
        <datafield tag="506" ind1="0" ind2=" ">
            <subfield code="a">Access copy available to the general public</subfield>
            <subfield code="f">Unrestricted</subfield>
        </datafield>
        <datafield tag="520" ind1="3" ind2=" ">
            <subfield code="a">Reseña bibliográfica de: TAUZIN-CASTELLANOS, Isabelle (ed.). Manuel González Prada. Ensayos y poesías. Madrid: Ediciones Cátedra, 2019. 563 p. ISBN: 978-84-376-4006-8. Estamos, con este libro, ante una edición rigurosa de la obra prosística y poética de Manuel González Prada (1844-1918) con ocasión de la celebración del aniversario de su fallecimiento...</subfield>
        </datafield>
        <datafield tag="540" ind1=" " ind2=" ">
            <subfield code="9">info:eu-repo/semantics/openAccess</subfield>
            <subfield code="a">by-nc-nd</subfield>
            <subfield code="u">http://creativecommons.org/licenses/by-nc-nd/3.0/es/</subfield>
        </datafield>
        <datafield tag="655" ind1=" " ind2="4">
            <subfield code="a">info:eu-repo/semantics/other</subfield>
            <subfield code="v">info:eu-repo/semantics/publishedVersion</subfield>
        </datafield>
        <datafield tag="710" ind1="2" ind2=" ">
            <subfield code="1">3012</subfield>
            <subfield code="2">455</subfield>
            <subfield code="a">Universidad de Zaragoza</subfield>
            <subfield code="b">Dpto. Historia</subfield>
            <subfield code="c">Área Historia de América</subfield>
        </datafield>
        <datafield tag="773" ind1=" " ind2=" ">
            <subfield code="g">25 (2020), [2 pp.]</subfield>
            <subfield code="p">Naveg@merica</subfield>
            <subfield code="t">Naveg@merica</subfield>
            <subfield code="x">1989-211X</subfield>
        </datafield>
        <datafield tag="856" ind1="4" ind2="1">
            <subfield code="u">https://revistas.um.es/navegamerica/article/view/444221</subfield>
            <subfield code="z">Texto completo de la revista</subfield>
        </datafield>
        <datafield tag="856" ind1="4" ind2=" ">
            <subfield code="s">116251</subfield>
            <subfield code="u">http://zaguan.unizar.es/record/95739/files/texto_completo.pdf</subfield>
            <subfield code="y">Versión publicada</subfield>
        </datafield>
        <datafield tag="856" ind1="4" ind2=" ">
            <subfield code="s">551003</subfield>
            <subfield code="u">http://zaguan.unizar.es/record/95739/files/texto_completo.jpg?subformat=icon</subfield>
            <subfield code="x">icon</subfield>
            <subfield code="y">Versión publicada</subfield>
        </datafield>
        <datafield tag="909" ind1="C" ind2="O">
            <subfield code="o">oai:zaguan.unizar.es:95739</subfield>
            <subfield code="p">articulos</subfield>
            <subfield code="p">driver</subfield>
        </datafield>
        <datafield tag="951" ind1=" " ind2=" ">
            <subfield code="a">2020-10-19-09:51:36</subfield>
        </datafield>
        <datafield tag="980" ind1=" " ind2=" ">
            <subfield code="a">ARTICLE</subfield>
        </datafield>
    </record>

    
</collection>